Library Banner

Rejalulghaib = رجال الغیب / (Record no. 134069)

MARC details
000 -LEADER
fixed length control field 00521nam a22001457a 4500
005 - DATE AND TIME OF LATEST TRANSACTION
control field 20240510114527.0
008 - FIXED-LENGTH DATA ELEMENTS--GENERAL INFORMATION
fixed length control field 240510b ||||| |||| 00| 0 eng d
040 ## - CATALOGING SOURCE
Transcribing agency PK-LaUMT
082 ## - DEWEY DECIMAL CLASSIFICATION NUMBER
Classification number APC 297.4092
Item number PIR-R
100 ## - MAIN ENTRY--PERSONAL NAME
Personal name Pirzada Iabal Ahmad Farooqi = پیرزادہ اقبال احمد فاروقی
245 ## - TITLE STATEMENT
Title Rejalulghaib = رجال الغیب /
Statement of responsibility, etc by Pirzada Iabal Ahmad Farooqi = پیرزادہ اقبال احمد فاروقی
260 ## - PUBLICATION, DISTRIBUTION, ETC. (IMPRINT)
Place of publication, distribution, etc Lahore :
Name of publisher, distributor, etc Maktabah Nabawia,
Date of publication, distribution, etc 2007
300 ## - PHYSICAL DESCRIPTION
Extent 240 p.
942 ## - ADDED ENTRY ELEMENTS (KOHA)
Koha item type Books
Holdings
Withdrawn status Lost status Damaged status Home library Current library Date acquired Full call number Barcode Date last seen Price effective from Koha item type
      UMT Main Campus UMT Main Campus 2024-05-10 APC 297.4092 PIR-R 146762 2024-05-10 2024-05-10 Books